10 największych powiatów - nagła śmierć - Statystyki

Ogólne statystyki
  • Ten quiz został rozwiązany 62 razy
  • Średni wynik to 4 z 10
Answers on the Grid
Answers color-coded by a green-red scale on the quiz's grid according to % correct below.
Bialski
Białostocki
Bytowski
Chełmski
Drawski
Kielecki
Olsztyński
Ostródzki
Ostrołęcki
Płocki
Poznański
Słupski
Sokólski
Szczycieński
Warszawa
Zamojski
 
Statystyki odpowiedzi
Odpowiedź % Poprawnych
Białostocki
70%
Olsztyński
52%
Poznański
48%
Bialski
36%
Kielecki
36%
Bytowski
30%
Słupski
27%
Sokólski
23%
Ostrołęcki
20%
Szczycieński
16%
Nie znaleziono quizów pasujących do podanych kryteriów
Rozkład punktacji
Procent ludzi z każdym wynikiem
Percentyl według liczby udzielonych odpowiedzi
Twoja historia wyników
Nie rozwiązałeś tego quizu